00673nam a2200229Ia 450000100060000000300090000600800410001504000130005604000130006904100130008210000230009510000290011824500430014724500510019025000110024126000110025226000130026326000490027630000570032565000300038265000310041216270IT-RoPAU130308s9999 xx 000 0 und d aIT-RoPAU cIT-RoPAU aITALIANO aRossellini Roberto gCodice Aut. SPICS: 1870 aCinema nuove prospettive di conoscenza bTeorie e Prassi del Cinema in Italia 1950-1970 a1a ed. aMILANO bMazzotta c1972 [1° Ed.:1972 - Ed.Ling.Originale:1963] a"14 p. (prefazione: no ; testo: 14 [pagine: 59-72])" aTEORICHE CINEMATOGRAFICHE eCodice materia Spics: 6805